Empirische Sozialforschung / 1997
| Medienart: | Druck Buch |
|---|---|
| Sprache: | Deutsch |
| Veröffentlicht: |
1998
|
| In: |
Empirische Sozialforschung eine Dokumentation = Empirical social research
Jahr: 1998 |
| Bestand in Tübingen: | In Tübingen vorhanden. IFK: X IV 10 |
| Verfügbarkeit prüfen: | HBZ Gateway |
| Subito Bestelldienst: | Jetzt bestellen. |
MARC
| LEADER | 00000cam a2200000 cc4500 | ||
|---|---|---|---|
| 001 | 114219311X | ||
| 003 | DE-627 | ||
| 005 | 20251221185203.0 | ||
| 007 | tu | ||
| 008 | 990113s1998 xx ||||| 00| ||ger c | ||
| 020 | |a 3593361981 |9 3-593-36198-1 | ||
| 035 | |a (DE-627)114219311X | ||
| 035 | |a (DE-576)072193115 | ||
| 035 | |a (DE-599)BSZ072193115 | ||
| 040 | |a DE-627 |b ger |c DE-627 |e rakwb | ||
| 041 | |a ger | ||
| 245 | 0 | 0 | |a Empirische Sozialforschung |n 1997 |
| 264 | 1 | |c 1998 | |
| 336 | |a Text |b txt |2 rdacontent | ||
| 337 | |a ohne Hilfsmittel zu benutzen |b n |2 rdamedia | ||
| 338 | |a Band |b nc |2 rdacarrier | ||
| 583 | 1 | |a Archivierung/Langzeitarchivierung gewährleistet |c 20211213 |f SLG |x XA-DE-BW |z IGPP |2 pdager |5 DE-25 | |
| 773 | 1 | 8 | |a Empirische Sozialforschung eine Dokumentation = Empirical social research |w (DE-627)129482455 |w (DE-576)014865742 |w (DE-600)204641-6 |x 0341-7832 |g 1997 |q 1997,0000,00 |7 nnas |
| 889 | |w (DE-627)32216320X | ||
| 935 | |i mdedup | ||
| 951 | |a JV | ||
| ELC | |b 1 | ||
| LOK | |0 000 xxxxxcx a22 zn 4500 | ||
| LOK | |0 001 2344219102 | ||
| LOK | |0 003 DE-627 | ||
| LOK | |0 004 114219311X | ||
| LOK | |0 005 19990609000000 | ||
| LOK | |0 008 990609||||||||||||||||ger||||||| | ||
| LOK | |0 040 |a DE-21-110 |c DE-627 |d DE-21-110 | ||
| LOK | |0 852 |a DE-21-110 | ||
| LOK | |0 852 1 |c X IV 10 |m p |9 00 | ||
| LOK | |0 935 |a k110 | ||
| LOK | |0 938 |k p | ||
| LOK | |0 939 |a 09-06-99 |b l01 | ||
| ORI | |a SA-MARC-krimdoka001.raw | ||
| SIG | |a IFK: X IV 10 | ||
